000 00754nam a2200229 a 4500
001 000045186
003 DO-SdBNP
005 20180315101235.0
007 000045186
008 150209s 2013 dr a 000 0 spa d
020 _a9789945123012
040 _aBPMSU
_bspa
_cBPMSU
092 _axxxx
_bxxxx
245 1 0 _aFormación integral humana y religiosa :
_beducación básica /
_cNicolás de Jesús López Rodríguez.
260 _aSanto Domingo :
_bMinisterio de Educación
_c2013
300 _av. :
_bil. ;
_c25 cm.
500 _aLa biblioteca posee los vs. 1y 3
710 _4Ministerio de Educación, (República Dominicana)
942 _2ddc
_cBK
945 _aRemanejado para la BNPHU / 2018 BT
956 _aVMATEO
_b10
_c20150727
_lBPMSU
_h00151
999 _c9595
_d9595